banner-ar

روشتة نجاح : (Record no. 67622)

MARC details
000 -الفاتح
حقل البيانات ثابتة الطول 00912nam a2200253Ia 4500
005 - وقت وتاريخ اخر تعامل مع التسجيلة
رقم الضبط 20250622124034.0
008 - عناصر البيانات ثابتة الطول - معلومات عامة
حقل البيانات ثابتة الطول 250617s9999||||xx |||||||||||||| ||ara||
017 ## - رقم الايداع القانونى
رقم الايداع القانونى 2017/2945
المصدر ( الهيئة المختصة) مصر. دار الكتب
020 ## - الرقم الدولى المعيارى للكتب
الرقم الدولى المعيارى للكتاب 9789774262425
082 04 - رقم تصنيف ديوى العشرى
رقم التصنيف 158
رقم المادة أ ر
100 0# - المدخل الرئيسى - إسم شخصى
الإسم الشخصى أحمد هارون
245 10 - بيان العنوان
العنوان روشتة نجاح :
بقية العنوان خطوات عملية لنجاح حياتك الشخصية والاجتماعية /
بيان المسئوليه,etc أحمد هارون
250 ## - بيان الطبعة
بيان الطبعة ط1
260 3# - PUBLICATION, DISTRIBUTION, ETC. (IMPRINT)
تاريخ النشر أو التوزيع د.ت.
300 ## - الوصف المادى
التعداد 238ص :
تفاصيل ماديه اخرى للوعاء إيض ؛
أبعاد الوعاء 21سم.
650 ## - المدخل الاضافى بالموضوع-مصطلح موضوعى
مصطلح موضوعي الرضا عن النفس
650 ## - المدخل الاضافى بالموضوع-مصطلح موضوعى
مصطلح موضوعي العلاقات الإنسانية
650 ## - المدخل الاضافى بالموضوع-مصطلح موضوعى
مصطلح موضوعي النجاح
650 ## - المدخل الاضافى بالموضوع-مصطلح موضوعى
مصطلح موضوعي تحقيق الذات
650 ## - المدخل الاضافى بالموضوع-مصطلح موضوعى
مصطلح موضوعي علم النفس الاجتماعى
650 ## - المدخل الاضافى بالموضوع-مصطلح موضوعى
مصطلح موضوعي علم النفس التطبيقى
942 ## - عناصر المدخل الإضافي( كوها)
Koha [default] item type كتاب
260 3# - PUBLICATION, DISTRIBUTION, ETC. (IMPRINT)
-- القاهرة :
-- "دار الراية للنشر والتوزيع،"
Holdings
حالة التراجع حالة الفقد حالة تلف ليس للاعارة المكان المؤقت الموقع الحالى موقع الترفيف تاريخ الاكتساب اجمالي اﻻعارات تاريخ اخر مشاهدة تاريخ تفعيل السعر نوع وعاء كوها
        مكتبة القاهرة الكبرى مكتبة القاهرة الكبرى القاعة الرئيسية 06/22/2025   06/22/2025 06/22/2025 كتاب

Powered By

EGPV